<?xml version="1.0" encoding="UTF-8"?>
<record
    xmlns:xsi="http://www.w3.org/2001/XMLSchema-instance"
    xsi:schemaLocation="http://www.loc.gov/MARC21/slim http://www.loc.gov/standards/marcxml/schema/MARC21slim.xsd"
    xmlns="http://www.loc.gov/MARC21/slim">

  <leader>00510nam a22001697a 4500</leader>
  <controlfield tag="003">LK-CoDNM</controlfield>
  <controlfield tag="005">20251029140448.0</controlfield>
  <controlfield tag="008">251029b        |||||||| |||| 00| 0 eng d</controlfield>
  <datafield tag="020" ind1=" " ind2=" ">
    <subfield code="a">9789553044174</subfield>
  </datafield>
  <datafield tag="040" ind1=" " ind2=" ">
    <subfield code="a">LK-CoDNM</subfield>
    <subfield code="d">LK-CoDNM</subfield>
    <subfield code="e">LK-CoDNM</subfield>
  </datafield>
  <datafield tag="080" ind1=" " ind2=" ">
    <subfield code="a">398 </subfield>
    <subfield code="b">LAN</subfield>
  </datafield>
  <datafield tag="100" ind1=" " ind2=" ">
    <subfield code="a">&#xDBB;&#xDAB;&#xDC3;&#xDD2;&#xD82;&#xDC4;,&#xDA0;&#xDB1;&#xDCA;&#xDAF;&#xDCA;&#x200D;&#xDBB; &#xDC1;&#xDCA;&#x200D;&#xDBB;&#xDD3;</subfield>
  </datafield>
  <datafield tag="245" ind1=" " ind2=" ">
    <subfield code="a">&#xDBD;&#xD82;&#xD9A;&#xDCF;&#xDC0;&#xDDA; &#xD9C;&#xDD0;&#xDB8;&#xDD2; &#xDA2;&#xDB1;&#xD9A;&#xDAD;&#xDCF; &#xDAD;&#xDD9;&#xDC0;&#xDB1; &#xDC0;&#xDD9;&#xDC5;&#xDD4;&#xDB8;</subfield>
  </datafield>
  <datafield tag="260" ind1=" " ind2=" ">
    <subfield code="a">colombo</subfield>
    <subfield code="b">godage</subfield>
    <subfield code="c">2013</subfield>
  </datafield>
  <datafield tag="300" ind1=" " ind2=" ">
    <subfield code="a">512p,21cm</subfield>
  </datafield>
  <datafield tag="942" ind1=" " ind2=" ">
    <subfield code="c">BK</subfield>
  </datafield>
  <datafield tag="952" ind1=" " ind2=" ">
    <subfield code="0">0</subfield>
    <subfield code="1">0</subfield>
    <subfield code="4">0</subfield>
    <subfield code="7">0</subfield>
    <subfield code="8">MONO</subfield>
    <subfield code="a">MAIN</subfield>
    <subfield code="b">MAIN</subfield>
    <subfield code="c">REF</subfield>
    <subfield code="d">2025-10-29</subfield>
    <subfield code="l">1</subfield>
    <subfield code="o">398  LAN</subfield>
    <subfield code="p">159445</subfield>
    <subfield code="r">2025-11-12</subfield>
    <subfield code="s">2025-10-29</subfield>
    <subfield code="w">2025-10-29</subfield>
    <subfield code="y">BK</subfield>
  </datafield>
  <datafield tag="999" ind1=" " ind2=" ">
    <subfield code="c">240323</subfield>
    <subfield code="d">240323</subfield>
  </datafield>
</record>
